Microeconomics / (Record no. 8876)
[ view plain ]
| 000 -LEADER | |
|---|---|
| fixed length control field | 00761cam a2200217 a 4500 |
| 020 ## - ISBN | |
| International Standard Book Number | 9781439039083 |
| 020 ## - ISBN | |
| International Standard Book Number | 1439039089 |
| 050 00 - LIBRARY OF CONGRESS CALL NUMBER | |
| Classification Number | HB172 |
| Item Number | .B68 2008 |
| 100 1# - MAIN ENTRY--Author | |
| Personal name | Boyes, William J. |
| 245 10 - TITLE | |
| Title | Microeconomics / |
| Statement of responsibility, etc | William Boyes, Michael Melvin. |
| 250 ## - EDITIONSTATEMENT | |
| Edition statement | 7th ed. |
| 260 ## - PUBLICATION, DISTRIBUTION, ETC.(IMPRINT) | |
| Place of publication, distribution, etc | Australia ; |
| -- | Mason, OH : |
| Name of publisher, distributor, etc | South-Western Cengage Learning, |
| Date of publication, distribution, etc | c2011. |
| 300 ## - PHYSICAL DESCRIPTION | |
| Extent | xxxi, 480, [19] p. : |
| 500 ## - GENERALNOTE | |
| General note | Includes index. |
| 650 ## - SUBJECT--TOPIC | |
| General subdivision | Microeconomics ; |
| -- | Econoomics. |
| 700 1# - ADDED ENTRY--PERSONAL AUTHOR | |
| Personal Name | Melvin, Michael, |
| 856 42 - URL/ELECTRONIC LOCATION AND ACCESS | |
| Uniform Resource Identifier | <a href="http://www.loc.gov/catdir/enhancements/fy1212/2009930589-d.html">http://www.loc.gov/catdir/enhancements/fy1212/2009930589-d.html</a> |
| 856 41 - URL/ELECTRONIC LOCATION AND ACCESS | |
| Uniform Resource Identifier | <a href="http://www.loc.gov/catdir/enhancements/fy1212/2009930589-t.html">http://www.loc.gov/catdir/enhancements/fy1212/2009930589-t.html</a> |
| 856 42 - URL/ELECTRONIC LOCATION AND ACCESS | |
| Uniform Resource Identifier | <a href="http://www.loc.gov/catdir/enhancements/fy1303/2009930589-b.html">http://www.loc.gov/catdir/enhancements/fy1303/2009930589-b.html</a> |
| 942 ## - ADDED ENTRY ELEMENTS(KOHA) | |
| Source of classification or shelving scheme | Library of Congress Classification |
| Koha item type | General circulation |
| Source of classification or shelving scheme | Not for loan | Location (home branch) | Sublocation (holding branch) | Shelving location | Date accessioned | Cost, normal purchase price | Full call number | Barcode | Cost, replacement price | Nonpublic note | Koha item type | Public note |
|---|---|---|---|---|---|---|---|---|---|---|---|---|
| Library of Congress Classification | Mtito Andei Centre Library | Mtito Andei Centre Library | 13/09/2015 | 3493.00 | HB172 .B68 2008 | 2015/007826 | 3842.00 | Nzk | General circulation | Nzk |